| 000 | 00983cam a2200253 4500 | ||
|---|---|---|---|
| 001 | ABS62402 | ||
| 008 | 000000n2000 000 0 eng u | ||
| 035 | _a(Sirsi) u106038 | ||
| 100 | _aFrench, N. | ||
| 245 | _aUncertainty in property valuation: the nature and relevance of uncertainty and how it might be measured and reported | ||
| 260 | _c2000 | ||
| 490 |
_aJournal of Property Investment and Finance _v18(1) April 2000, 13-32(20) |
||
| 520 | _aDiscusses the phenomenon of 'uncertainty' in property valuation. Outlines how the valuer can identify the sources of uncertainty and include them in the content of his work. | ||
| 590 | _aABS | ||
| 650 | _aVALUATION METHODS | ||
| 650 | _aUNCERTAINTY | ||
| 650 | _aMARKET VALUE | ||
| 650 | _aACCURACY | ||
| 650 | _aPROPERTY-COMMERCIAL PROPERTY-COMMERCIAL PROPERTY APPRAISAL AND VALUATION | ||
| 650 | _aVALUATIONS | ||
| 690 | _aVALUATION AND INVESTMENT APPRAISAL-COMMERCIAL | ||
| 700 | _aMallinson, M. | ||
| 942 | _n0 | ||
| 999 |
_c63510 _d63510 |
||